Famous People Named Dennis - Statistics

General Stats
  • This quiz has been taken 266 times
  • The average score is 4 of 10
Answer Stats
Life Hint Person % Correct
Fictional Always finds a way to annoy his neighbor Mr. Wilson Dennis the Menace
75%
1954- Actor in Innerspace, Great Balls of Fire, and The Parent Trap Dennis Quaid
65%
1961- former professional basketball player. Nicknamed "the Worm" Dennis Rodman
62%
1936-2010 Starred in Easy Rider, Blue Velvet, and Speed Dennis Hopper
61%
1944-1983 One of the founding brothers of the Beach Boys (The surfer) Dennis Wilson
58%
1945- Dennis Rader is a serial killer better known by these 3 letters BTK
32%
1953- Talk show host, political & sports commentator, SNL (85-91) Dennis Miller
30%
1945-2018 Scottish serial killer and necrophile Dennis Nilsen
14%
1946- US Representative from Ohio; tried for President in '04 and '08 Dennis Kucinich
10%
1942- HIghest-ranking US official to ever be imprisoned Dennis Hastert
7%
No matching quizzes found
Score Distribution
Percent of People with Each Score
Percentile by Number Answered
Your Score History
You have not taken this quiz